Normal view MARC view
  • Abuso de niños

Entry Materia

Number of records used in: 158

001 - NÚMERO DE CONTROL DEL REGISTRO

  • campo de control: 71

003 - IDENTIFICADOR DE NUMERO DE CONTROL

  • campo de control: UPN

005 - FECHA Y HORA DE LA ÚLTIMA TRANSACCIÓN

  • campo de control: 20230310092542.0

008 - DATOS DE LONGITUD FIJA

  • campo de control de longitud fija: 220817n||acnnnbabn | ana |d

035 ## - NÚMERO DE CONTROL DEL SISTEMA

  • Número de control del sistema: UPN10000000071

040 ## - FUENTE DE LA CATALOGACIÓN

  • Centro catalogador de origen: UPN
  • Lengua de catalogación: spa
  • Agencia de transcripción: UPN

046 ## - FECHAS CON CODIFICACIÓN ESPECIAL

  • Fecha final para contenidos agregados: 2022

053 #4 - NÚMERO CLASIFICADOR - BIBLIOTECA DEL CONGRESO (LC)

  • Elemento numérico de la clasificación - Número único o no. inicial del rango: HV6626.5
  • Elemento numérico de la clasificación - Número único o no. final del rango: HV6626.54
  • Frase explicativa: Patología social

053 #4 - NÚMERO CLASIFICADOR - BIBLIOTECA DEL CONGRESO (LC)

  • Elemento numérico de la clasificación - Número único o no. inicial del rango: RC569.5 C5.5
  • Frase explicativa: Psiquiatría

150 ## - ENCABEZAMIENTO - TEMÁTICO

  • Término de materia o nombre geográfico como elemento inicial: Abuso de niños

450 ## - VÉASE - MATERIA

  • Encabezamiento temático: Maltrato infatil

450 ## - VÉASE - MATERIA

  • Encabezamiento temático: Niños maltratados

450 ## - VÉASE - MATERIA

  • Encabezamiento temático: Abuso infantil

450 ## - VÉASE - MATERIA

  • Encabezamiento temático: Maltrato de niños

450 ## - VÉASE - MATERIA

  • Encabezamiento temático: Niños -
  • Subdivisión temática general: Abuso

450 ## - VÉASE - MATERIA

  • Encabezamiento temático: Violencia contra los niños

550 ## - VÉASE ADEMÁS - MATERIA

  • Encabezamiento temático o nombre geográfico como elemento de entrada: CRUELDAD CON LOS NIÑOS

670 ## - FUENTE EN LA QUE SE LOCALIZARON DATOS

  • Cita de la fuente: B/P

902 ## - CATALOGADOR

  • Catalogador: MEEG/221096